Name Every 2022-23 Toronto Maple Leaf - Statistics

General Stats
  • This quiz has been taken 42 times
  • The average score is 32 of 47
Answer Stats
Jersey # Position GP* Answer % Correct
#3 RD 80 Justin Holl
100%
#34 C 74 Auston Matthews
89%
#64 C 82 David Kampf
89%
#91 C 80 John Tavares
89%
#60 G 7 Joseph Woll
89%
#55 LD 78 Mark Giordano
89%
#16 RW 80 Mitch Marner
89%
#44 LD 65 Morgan Rielly
89%
#89 LW, RW 15 Nick Robertson
89%
#37 RD 67 Timothy Liljegren
89%
#78 LD/RD 58 TJ Brodie
89%
#88 RW 82 William Nylander
89%
#74 RW, LW 10 Bobby McMann
78%
#19 RW, C, LW 73 Calle Jarnkrok
78%
#35 G 42 Ilya Samsonov
78%
#22 LD/RD 21 Jake McCabe
78%
#8 LD 4 Jake Muzzin
78%
#23 LW, RW 3 Matthew Knies
78%
#58 LW 82 Michael Bunting
78%
#47 RW, LW 58 Pierre Engvall
78%
#38 LD 52 Rasmus Sandin
78%
#15 LW, C, RW 82 Alex Kerfoot
67%
#46 LW, RW 3 Alex Steeves
67%
#25 RD 25 Conor Timmins
67%
#50 G 10 Erik Kallgren
67%
#2 RD 15 Luke Schenn
67%
#30 G 26 Matt Murray
67%
#52 C, RW 23 Noel Acciari
67%
#29 C, LW 37 Pontus Holmberg
67%
#90 C 13 Ryan O'Reilly
67%
#24 RW, LW 18 Wayne Simmonds
67%
#12 LW, RW 77 Zach Aston-Reese
67%
#56 LD 9 Erik Gustafsson
56%
#18 LD/RD 12 Jordie Benn
56%
#43 LW 2 Kyle Clifford
56%
#96 RW 6 Nicholas Aube-Kubel
56%
#28 RW, C, LW 19 Sam Lafferty
56%
#98 LD/RD 11 Victor Mete
56%
#62 LW, RW 23 Denis Malgin
44%
#20 LW, RW 9 Dryden Hunt
44%
#82 LD 2 Filip Kral
44%
#40 G 1 Jett Alexander
44%
#28 RW 14 Joey Anderson
44%
#81 RD 6 Mac Hollowell
44%
#26 LW, C 2 Nick Abruzzese
44%
#53 LW, RW 2 Radim Zohorna
44%
#85 C 1 Semyon Der-Arguchintsev
44%
No matching quizzes found
Score Distribution
Percent of People with Each Score
Percentile by Number Answered
Your Score History
You have not taken this quiz